[Event "Fortaleza Gadelha Memorial"]
[Site "Fortaleza"]
[Date "2019.08.15"]
[Round "1"]
[White "Lima, Alan Elkinson Lopes"]
[Black "De Meneses, Luiz Claudio Maia"]
[Result "0-1"]
[WhiteElo "1970"]
[BlackElo "1642"]
[PlyCount "106"]
[EventDate "2019.08.15"]
[EventType "swiss"]
[EventRounds "7"]
[EventCountry "BRA"]
[SourceTitle "CBM 191 Extra"]
[Source "ChessBase"]
[SourceDate "2019.09.30"]
[SourceVersion "1"]
[SourceVersionDate "2019.09.30"]
[SourceQuality "1"]

1. d4 d5 2. c4 e6 3. Nc3 Nf6 4. cxd5 Nxd5 5. e4 Nf6 6. Nf3 Be7 7. e5 Nd5 8. Bd3 c5 9. Bd2 Nb4 10. Bb5+ Bd7 11. 0-0 Bxb5 12. Nxb5 Nd5 13. dxc5 Bxc5 14. Rc1 Be7 15. Bg5 0-0 16. Bxe7 Qxe7 17. Nbd4 Nd7 18. Nb5 Rfc8 19. Qb3 a6 20. Nd6 Rxc1 21. Rxc1 Nxe5 22. Nxe5 Qxd6 23. Qxb7 Rd8 24. Nxf7 Qf4 25. Re1 Qxf7 26. Qxa6 Re8 27. Qc6 Nf4 28. Qe4 e5 29. a4 Qd5 30. b4 Qxe4 31. Rxe4 Kf7 32. g3 Nd3 33. b5 Ke6 34. a5 Kd5 35. Ra4 Ra8 36. b6 Nc5 37. Ra3 Ra6 38. Rb3 Nb7 39. Rd3+ Kc6 40. Rc3+ Kb5 41. Rc7 Nxa5 42. Rxg7 Rxb6 43. Rxh7 Kc5 44. Rh5 Kd4 45. f4 Nc4 46. fxe5 Nxe5 47. Kg2 Rb2+ 48. Kf1 Ke4 49. Rh4+ Ke3 50. Rh8 Rf2+ 51. Kg1 Nf3+ 52. Kh1 Ra2 53. Re8+ Kf2 0-1

[Event "Joao Pessoa Fischer Memorial 9th"]
[Site "Joao Pessoa"]
[Date "2018.03.18"]
[Round "5"]
[White "Cavalcante, Gerod Fernandes Cos"]
[Black "De Meneses, Luiz Claudio Maia"]
[Result "0-1"]
[WhiteElo "1268"]
[BlackElo "1570"]
[PlyCount "50"]
[EventDate "2018.03.16"]
[EventType "swiss"]
[EventRounds "6"]
[EventCountry "BRA"]
[SourceTitle "CBM 183 Extra"]
[Source "ChessBase"]
[SourceDate "2018.04.19"]
[SourceVersion "1"]
[SourceVersionDate "2018.04.19"]
[SourceQuality "1"]

1. b4 e6 2. a3 Nf6 3. Nf3 d5 4. d4 Be7 5. e3 b6 6. Bb5+ Bd7 7. Bxd7+ Nbxd7 8. 0-0 0-0 9. Re1 Ne4 10. Nbd2 Nc3 11. Ne5 Nxd1 12. Rxd1 Nxe5 13. dxe5 c5 14. b5 Qc7 15. f4 a5 16. bxa6 Rxa6 17. Bb2 c4 18. c3 Rfa8 19. Nb1 Bc5 20. Bc1 Qe7 21. Rd2 Bxe3+ 22. Kh1 Bxd2 23. Nxd2 Rxa3 24. Bxa3 Rxa3 25. Rb1 Qa7 0-1

[Event "Fortaleza Schoonenborch U1900 5th"]
[Site "Fortaleza"]
[Date "2018.01.26"]
[Round "2.11"]
[White "De Meneses, Luiz Claudio Maia"]
[Black "Donato, Murillo Vernillo"]
[Result "0-1"]
[WhiteElo "1631"]
[BlackElo "1420"]
[PlyCount "98"]
[EventDate "2018.01.26"]
[EventType "swiss"]
[EventRounds "6"]
[EventCountry "BRA"]
[SourceTitle "EXT 2022"]
[Source "ChessBase"]
[SourceDate "2021.10.06"]
[SourceVersion "1"]
[SourceVersionDate "2021.10.06"]
[SourceQuality "1"]

1. d4 Nf6 2. c4 d6 3. Nc3 g6 4. Nf3 Bg7 5. e3 0-0 6. Be2 Nh5 7. 0-0 e5 8. dxe5 dxe5 9. Qxd8 Rxd8 10. Nb5 Na6 11. h3 Bf6 12. g4 Ng7 13. e4 Ne6 14. Be3 b6 15. g5 Bg7 16. Nh2 Bb7 17. f3 Nf4 18. Bxf4 exf4 19. Rab1 Rd2 20. Kf2 Rxb2 21. Rxb2 Bxb2 22. Rd1 Bc6 23. Nd4 Bxd4+ 24. Rxd4 Nb4 25. Rd2 Kf8 26. Ng4 Ke8 27. Ne5 Rd8 28. Rxd8+ Kxd8 29. a3 Bxe4 30. axb4 Bf5 31. h4 a5 32. bxa5 bxa5 33. Nc6+ Kd7 34. Nxa5 Kd6 35. Ke1 Ke6 36. Kd2 f6 37. gxf6 Kxf6 38. Nc6 g5 39. hxg5+ Kxg5 40. Bf1 Kh4 41. Ke2 Kg3 42. Nd4 Bd7 43. Ke1 h5 44. Be2 h4 45. Kf1 h3 46. Kg1 h2+ 47. Kh1 Bh3 48. Bf1 Bxf1 49. Nf5+ Kh3 0-1

[Event "Brasilia Terraviva op"]
[Site "Brasilia"]
[Date "2018.01.14"]
[Round "6"]
[White "Robinson, Malcolm"]
[Black "De Meneses, Luiz Claudio Maia"]
[Result "1/2-1/2"]
[WhiteElo "1853"]
[BlackElo "1631"]
[PlyCount "98"]
[EventDate "2018.01.11"]
[EventType "swiss"]
[EventRounds "7"]
[EventCountry "BRA"]
[SourceTitle "CBM 182 Extra"]
[Source "ChessBase"]
[SourceDate "2018.02.23"]
[SourceVersion "1"]
[SourceVersionDate "2018.02.23"]
[SourceQuality "1"]

1. Nf3 Nf6 2. c4 c5 3. Nc3 Nc6 4. d4 cxd4 5. Nxd4 d6 6. g3 g6 7. Bg2 Bd7 8. b3 Bg7 9. Bb2 a6 10. 0-0 Qc7 11. Rc1 0-0 12. Nd5 Qd8 13. Qd2 Rb8 14. Rfd1 Nxd5 15. Nxc6 Bxc6 16. Bxg7 Kxg7 17. cxd5 Bd7 18. Qd4+ Kg8 19. Rc2 Rc8 20. Rdd2 Rxc2 21. Rxc2 Qb8 22. h4 Rc8 23. Rd2 Rc1+ 24. Kh2 Qc7 25. Qe3 Bc8 26. h5 b5 27. Be4 Qc3 28. hxg6 hxg6 29. Qg5 Qh8+ 30. Qh4 Qxh4+ 31. gxh4 Kg7 32. Bf3 Rc3 33. Kg2 b4 34. Kg3 f5 35. e3 Kf6 36. Kf4 a5 37. Be2 Bb7 38. Bc4 Bc8 39. f3 Bd7 40. Rg2 Be8 41. Rg5 Rc2 42. h5 Rxa2 43. hxg6 Bxg6 44. Rg1 Be8 45. Rg8 Bf7 46. Ra8 e6 47. dxe6 Bxe6 48. Bxe6 Kxe6 49. Re8+ Kf7 1/2-1/2

[Event "Brasilia Terraviva op"]
[Site "Brasilia"]
[Date "2018.01.13"]
[Round "5"]
[White "Noguerol, Davi Vinueza"]
[Black "De Meneses, Luiz Claudio Maia"]
[Result "0-1"]
[WhiteElo "1772"]
[BlackElo "1631"]
[PlyCount "44"]
[EventDate "2018.01.11"]
[EventType "swiss"]
[EventRounds "7"]
[EventCountry "BRA"]
[SourceTitle "CBM 182 Extra"]
[Source "ChessBase"]
[SourceDate "2018.02.23"]
[SourceVersion "1"]
[SourceVersionDate "2018.02.23"]
[SourceQuality "1"]

1. e4 c5 2. Nf3 d6 3. d4 cxd4 4. Nxd4 Nf6 5. Nc3 a6 6. g3 Nc6 7. Bg2 Bd7 8. 0-0 g6 9. Re1 Bg7 10. f4 Qb6 11. Be3 Ng4 12. Ne6 Nxe3 13. Nxg7+ Kf8 14. Nd5 Nxd5+ 15. Kh1 Ne3 16. Qd2 Nxg2 17. Kxg2 Kxg7 18. e5 Qd4 19. Qe2 Qd5+ 20. Kf1 Bh3+ 21. Kg1 Nd4 22. Qd2 Nf3+ 0-1